| 000 | 02128nam a22002777a 4500 | ||
|---|---|---|---|
| 005 | 20240305165633.0 | ||
| 007 | cr|||| |||| | ||
| 008 | 220516s2021 ea |||||s|||| 00||0 spa d | ||
| 020 | _a978-84-123809-9-6 | ||
| 035 | _a35646 | ||
| 040 | _avLex | ||
| 090 |
_c13350 _d13350 |
||
| 100 | 1 | _aPicó i Junoy, Joan | |
| 245 | 1 | 2 |
_aLa prueba a debate _h[Recurso electrónico] : _bDiálogos hispano-cubanos / _cJoan Picó i Junoy, Carlos de Miranda Vázquez |
| 256 | _aServicio en línea | ||
| 260 |
_aBarcelona: _bJ.M. Bosch Editor, _c2021 |
||
| 300 | _a1 recurso electrónico | ||
| 500 | _aLa prueba, como actividad en la que se pretende convencer al juez sobre la certeza de los hechos controvertidos, es siempre muy compleja. Por ello es fundamental dominar todos los aspectos del derecho probatorio, máxime cuando en ella radica el triunfo o fracaso de uno de los justiciables. Esta relevancia judicial de la actividad probatoria ha llevado al moderno constitucionalismo a prever en las Cartas Magnas un precepto dedicado al derecho a la prueba: ello sucede tanto en la Constitución española, con su art. 24.2, como con la más reciente de las constituciones latinoamericanas, la cubana, de 2019, con su art. 94.c. De esta forma, en ambos países, el derecho constitucional a la prueba exige una continua interpretación de la legalidad procesal acorde con el protagonismo que tiene este derecho. Esta obra de debate sobre el derecho probatorio es fruto del encuentro de diversos integrantes de la Asociación de Probática y Derecho Probatorio y de la mejor escuela procesalista cubana. | ||
| 506 | 1 |
_aDisponible solo en los productos indicados _dvLex Global _dvLex Global (Academic Edition, excluding Law Schools) _dvLex Global (U.S. Academic Edition, Law Schools) _dvLex Global (U.S. Academic Edition, excluding Law Schools) _dvLex Global (Academic Edition, Law Schools) |
|
| 650 | 0 | 4 |
_aDerecho Procesal _zEspaña |
| 650 | 0 | 4 |
_aProcedimiento Civil _zEspaña |
| 700 | 1 | _ade Miranda Vázquez, Carlos | |
| 740 | 0 | _avLex Libros (Servicio en línea) | |
| 856 | 4 | 0 | _uhttps://app.vlex.com/#/sources/35646 |
| 942 | _cRAA | ||
| 999 |
_c171586 _d171586 |
||